Culture Générale - Série 1993 - Statistiques

Statistiques générales
  • Ce quiz a été pris 110 fois
  • Le résultat moyen est 5 sur 10
Statistiques - réponses
Question Réponse % Correct
Dans quel pays européen coule le fleuve "Weser" ? Allemagne
80%
Comment appelle-t-on un un journaliste rémunéré à la tâche ? pigiste
76%
Comment appelle-t-on l'outil qui permet de transformer la crème de lait en beurre ? voir photo baratte
73%
Quelle est la capitale du Nicaragua ? Managua
61%
Dans quel pays se trouve le lac "Tonlé Sap" - plus grand lac d'eau douce d'Asie du Sud-Est ? Cambodge
50%
Qui a réalisé "Un chien andalou" en 1929 ? Luis Bunuel
34%
Quel adjectif, synoynme de ébouriffé, signifie "Qui a le poil, le cheveu très fourni et en désordre" ? hirsute
33%
Quel mot de 7 lettres commençant par "p" désigne la "ration servant à nourrir un cheval" ? picotin
26%
Comment appelle-t-on plus couramment le coquillage "venus verrucosa" ? praire
19%
Quel nom féminin de 6 lettres commençant par "a", employé plus fréquemment au pluriel, signifie " humiliation, insulte, vexation" ? avanie
9%
Aucun quiz correspondant
Distribution des résultats
% des personnes avec chaque résultat
Percentile par nombre de réponses
Votre historique - résultats
Vous n’avez pas pris ce quiz